| 000 | 00766cam a2200277 4500 | ||
|---|---|---|---|
| 001 | J98786 | ||
| 008 | 090401t1999 xxu||||| |||| 00| 0 eng d | ||
| 035 | _a(Sirsi) u93525 | ||
| 041 | _aeng | ||
| 050 | _a333.33026 | ||
| 100 | _aGillett, Alan | ||
| 245 | _aEstate agency law and practice 1999 (sound recording). | ||
| 260 |
_aLondon _bRICS _c1999 |
||
| 300 | _a1 sound cassette (60 min.) | ||
| 350 | _a14.1 | ||
| 490 | _aOwlion Audio Programme | ||
| 650 | _aAUDIO CASSETTES | ||
| 650 | _aESTATE AGENCY | ||
| 690 | _aPROPERTY LAW AND PRACTICE | ||
| 700 | _aMurphy, Gary | ||
| 700 | _aTugwell, Andrew | ||
| 710 |
_aRoyal Institution of Chartered Surveyors _94900 |
||
| 710 |
_aCollege of Estate Management _9400 |
||
| 942 | _n0 | ||
| 948 | _c21/05/1999 | ||
| 999 |
_c97841 _d97841 |
||